Trade unionism since 1945
| Titel: | Trade unionism since 1945 : towards a global history / Craig Phelan (ed.) |
|---|---|
| Beteiligt: | |
| Veröffentlicht: | Oxford : Peter Lang |
| Format: | Mehrteiliges Werk |
| Sprache: | Englisch |
| RVK-Notation: |
·
·
·
|
| Bände: |
alle Bände anzeigen
|
| ISBN: | 9783039114108 ; 3039114107 |
alg: 21338918 001A $00034:26-06-09 001B $01999:13-08-17 $t17:48:58.000 001C $06000:08-10-09 $t17:32:15.000 001D $00034:06-08-09 001U $0utf8 001X $00 002@ $0Acu 003@ $0213389185 003O $0318716094 $aOCoLC 004A $A978-3-03911-410-8 $falk. paper 004A $03-03911-410-7 006A $02009012916 006G $0996287582 006U $f20090827 007A $0597951047 $aGBV 007T $0Herdhh213389185 010@ $aeng 021A $aTrade unionism since 1945 $dtowards a global history $hCraig Phelan (ed.) 028C $BHrsg. $713375152X $8Phelan, Craig$Z1958- [Tp1] $919390618X 033A $pOxford $nPeter Lang 039U $8--Aox--Hemmer, Hans-Otto. Trade unionism since 1945. - Oxford : Peter Lang [Rezension], 2011 $9394983572 039U $8--Oox--Pozzi, Pablo A.. Trade unionism since 1945. - Oxford : Peter Lang [Rezension], 2010 $9395001110 039U $8--Aox--Schneider, Michael. Trade unionism since 1945. - Oxford : Peter Lang [Rezension], 2011 $9395008158 041A $RInteressenverband $RArbeiterbewegung $RSyndikalismus $RArbeitnehmerverband $#Labor unions $#Syndicats $#Sindacati $#Funcionarios Sindicatos $#trade unions $#Gewerkschaft $#Gewerkschaft $#Gewerkschaften $74020872-2 $8Gewerkschaft [Ts1] $9085050695 041A/01 $RVergleich $#Ländervergleich $74120509-1 $8Internationaler Vergleich [Ts1] $9085385131 045E $c330 045F $a331.88091 $eDDC22ger 045F/01 $a331.88091 045R $aGeschichte 1945- 045Z $8NQ 5820 [Tkv] $9410916242 045Z $8NQ 5900 [Tkv] $9410916331 045Z $8NW 3200 [Tkv] $941095067X 045Z $8QF 600 [Tkv] $941112580X lok: 21338918 23 exp: 21338918 23 1 #EPN 201B/01 $025-09-09 $t10:11:25.000 201C/01 $026-06-09 201U/01 $0utf8 203@/01 $0576371289 208@/01 $a20-07-09 $bda lok: 21338918 24 exp: 21338918 24 1 #EPN 201B/01 $025-11-09 $t14:14:34.000 201C/01 $025-11-09 201U/01 $0utf8 203@/01 $0584934793 208@/01 $a25-11-09 $bda 209B/01 $aEinzelbestellung (050) $x09 220C/01 $ajwa lok: 21338918 78 exp: 21338918 78 1 #EPN 201B/01 $019-04-17 $t14:07:46.000 201U/01 $0utf8 203@/01 $0790863480 208@/01 $a12-11-16 $be 220C/01 $aTitelaufnehmer: rb 244Z/01 $2Trx $#Kesk- ja Ida- Euroopa kontseptsioonid $#Vidurio Europos koncepcijos $#East-Central Europe $#Keletközépeurópa-eszmék $#Europa Środkowo-Wschodnia koncepcje $#Európa stredovýchodná koncepcie $#Evropa střední, východní část koncepce $#Mitteleuropa $#Osteuropakonzeptionen $#Europa Środkowa koncepcje $#Stredná Európa koncepcie $#Střední Europa koncepce $8--Trx--Ostmitteleuropakonzeptionen $x01 $9391364286 244Z/01 $aGeschichte 1945-2005 $x02 244Z/01 $2Trx $#ametiühingud $#profesinės sąjungos $#trade unions $#szakszervezetek $#związki zawodowe $#organizácie odborové $#organizace odborové $#ruch zawodowy $8--Trx--Gewerkschaften $x03 $9391355376 245Z/01 $a09.10 $x01 247C/01 $82080>Marburg/Lahn, Herder-Institut, Forschungsbibliothek, Bibliographieportal $9336309341 lok: 21338918 204 exp: 21338918 204 1 #EPN 201B/01 $017-11-09 $t10:30:09.000 201C/01 $017-11-09 201U/01 $0utf8 203@/01 $0584564139 208@/01 $a17-11-09 $bdal0203 exp: 21338918 204 2 #EPN 201B/02 $026-01-10 $t13:02:39.000 201C/02 $026-01-10 201U/02 $0utf8 203@/02 $0587696818 208@/02 $a26-01-10 $bdap08 lok: 21338918 205 exp: 21338918 205 1 #EPN 201B/01 $007-10-09 $t09:01:31.000 201C/01 $007-10-09 201U/01 $0utf8 203@/01 $0582405378 208@/01 $a07-10-09 $bda 209B/01 $aEinzelbestellung (000) $x09
| LEADER | 00000cam a2200000 ca4500 | ||
|---|---|---|---|
| 001 | 213389185 | ||
| 003 | DE-603 | ||
| 005 | 20170813174858.0 | ||
| 007 | tu | ||
| 008 | 090626s xx |||| | u00||u|eng | ||
| 010 | |a 2009012916 | ||
| 016 | 7 | |2 DE-101 |a 996287582 | |
| 020 | |a 9783039114108 |c alk. paper | ||
| 020 | |a 3039114107 | ||
| 035 | |a (DE-599)GBV597951047 | ||
| 035 | |a (OCoLC)318716094 | ||
| 040 | |a DE-603 |b ger |c DE-603 |d DE-603 | ||
| 041 | |a eng | ||
| 082 | 0 | 4 | |8 1\u |a 331.88091 |q DE-101 |2 22/ger |
| 084 | |a 330 |q DE-101 |2 sdnb | ||
| 084 | |a NQ 5820 |0 (DE-625)128653: |0 (DE-603)410916242 |2 rvk | ||
| 084 | |a NQ 5900 |0 (DE-625)128662: |0 (DE-603)410916331 |2 rvk | ||
| 084 | |a NW 3200 |0 (DE-625)132080: |0 (DE-603)41095067X |2 rvk | ||
| 084 | |a QF 600 |0 (DE-625)141387: |0 (DE-603)41112580X |2 rvk | ||
| 085 | |8 1\u |b 331.88091 | ||
| 245 | 0 | 0 | |a Trade unionism since 1945 |b towards a global history |c Craig Phelan (ed.) |
| 264 | 1 | |a Oxford |b Peter Lang | |
| 648 | 7 | |a Geschichte 1945- |2 gnd | |
| 650 | 7 | |a Gewerkschaft |0 (DE-588)4020872-2 |0 (DE-603)085050695 |2 gnd | |
| 650 | 7 | |a Internationaler Vergleich |0 (DE-588)4120509-1 |0 (DE-603)085385131 |2 gnd | |
| 700 | 1 | |a Phelan, Craig |d 1958- |e Hrsg. |4 edt |0 (DE-603)19390618X |0 (DE-588)13375152X |2 gnd | |
| 787 | 0 | 8 | |i Rezensiert in |a Hemmer, Hans-Otto |t Trade unionism since 1945. - Oxford : Peter Lang [Rezension] |w (DE-603)394983572 |
| 787 | 0 | 8 | |i Rezensiert in |a Pozzi, Pablo A. |t Trade unionism since 1945. - Oxford : Peter Lang [Rezension] |w (DE-603)395001110 |
| 787 | 0 | 8 | |i Rezensiert in |a Schneider, Michael |t Trade unionism since 1945. - Oxford : Peter Lang [Rezension] |w (DE-603)395008158 |
| 924 | 0 | |9 603 |a (DE-603)576371289 |b DE-603 |c HES |d d | |
| 924 | 0 | |9 603 |a (DE-603)584934793 |b DE-603 |c HES |d d | |
| 924 | 0 | |9 2080 |a (DE-603)790863480 |b DE-2080 |c HES |d d | |
| 924 | 0 | |9 603 |a (DE-603)584564139 |b DE-603 |c HES |d d | |
| 924 | 0 | |9 603 |a (DE-603)587696818 |b DE-603 |c HES |d d | |
| 924 | 0 | |9 603 |a (DE-603)582405378 |b DE-603 |c HES |d d | |


